| 000 | 00447nam a2200145Ia 4500 | ||
|---|---|---|---|
| 008 | 231129s2011||||xx |||||||||||||| ||spa|| | ||
| 020 | _a978-958-670-929-3 | ||
| 040 | _bspa | ||
| 082 | _aCo861 B982m | ||
| 100 | _aBustos Aguirre Rómulo | ||
| 245 | 0 | _aMuerte y levitación de la ballena | |
| 260 | _c2011 | ||
| 264 | _aCali Colombia : Universidad del Valle. Escuela de Estudios Literarios | ||
| 942 |
_2ddc _cBKS |
||
| 999 |
_c21451 _d21451 |
||